000 00623nam a2200217Ia 4500
003 OSt
005 20220926001059.0
006 a|||||r|||| 00| 0
007 ta
008 220923b |||||||| |||| 00| 0 eng d
037 _cGeneral Book
040 _aRTL
_cRTL
_beng
041 _2eng
_aeng
082 _aY9(T), L6
100 _aDEWEY John
_932131
245 0 _aDemocracy and education
_b An introduction to the philosophy of education
260 _a New Delhi
_bLight & Life Publishers
_c1976
300 _a378p.
_ccm.
942 _hY9(T), L6
_cGB
_2CC
999 _c600382
_d600382